Art in America : (Record no. 5832)

MARC details
000 -LEADER
fixed length control field 02910cam a22004457a 4500
001 - CONTROL NUMBER
control field 15271995
003 - CONTROL NUMBER IDENTIFIER
control field OSt
005 - DATE AND TIME OF LATEST TRANSACTION
control field 20260428170627.0
008 - FIXED-LENGTH DATA ELEMENTS--GENERAL INFORMATION
fixed length control field 080422s2007 enka b 001 0 eng
010 ## - LIBRARY OF CONGRESS CONTROL NUMBER
LC control number 2008364194
015 ## - NATIONAL BIBLIOGRAPHY NUMBER
National bibliography number GBA696933
Source bnb
016 7# - NATIONAL BIBLIOGRAPHIC AGENCY CONTROL NUMBER
Record control number 013602477
Source Uk
020 ## - INTERNATIONAL STANDARD BOOK NUMBER
International Standard Book Number 9781858943947
Qualifying information cloth
020 ## - INTERNATIONAL STANDARD BOOK NUMBER
International Standard Book Number 1858943949
Qualifying information cloth
035 ## - SYSTEM CONTROL NUMBER
System control number 15271995
035 ## - SYSTEM CONTROL NUMBER
System control number (OCoLC)76365466
040 ## - CATALOGING SOURCE
Original cataloging agency UKM
Transcribing agency Foundation University
Modifying agency Foundation University
042 ## - AUTHENTICATION CODE
Authentication code lccopycat
050 00 - LIBRARY OF CONGRESS CALL NUMBER
Classification number N6505
Item number .A78 2007
245 00 - TITLE STATEMENT
Title Art in America :
Remainder of title 300 years of innovation /
Statement of responsibility, etc. edited by Susan Davidson.
260 ## - PUBLICATION, DISTRIBUTION, ETC.
Place of publication, distribution, etc. London ;
-- New York :
Name of publisher, distributor, etc. Merrell ;
Place of publication, distribution, etc. New York :
Name of publisher, distributor, etc. Guggenheim Museum ;
Place of publication, distribution, etc. Chicago :
Name of publisher, distributor, etc. Terra Foundation for American Art,
Date of publication, distribution, etc. 2007.
264 ## - PRODUCTION, PUBLICATION, DISTRIBUTION, MANUFACTURE, AND COPYRIGHT NOTICE
Copyright Date 2007
300 ## - PHYSICAL DESCRIPTION
Extent 351 p. :
Other physical details col. ill. ;
Dimensions 30 cm.
Materials specified books
Type of unit books
336 ## - CONTENT TYPE
Content type term text
Content type code txt
Source rdacontent
Materials specified n
337 ## - MEDIA TYPE
Media type term unmediated
Media type code n
Source rdamedia
Materials specified n
338 ## - CARRIER TYPE
Carrier type term volume
Carrier type code nc
Source rdacarrier
Materials specified n
500 ## - GENERAL NOTE
General note "Published in association with the Solomon R. Guggenheim Museum, New York, and the Terra Foundation for American Art on the occasion of an exhibition held at the National Art Museum of China, Beijing, February 10-April 5, 2007 and at the Shanghai Museum, Museum of Contemporary Art Shanghai, May 1-June 30, 2007".
504 ## - BIBLIOGRAPHY, ETC. NOTE
Bibliography, etc. note Includes bibliographical references (p. [344]-347) and index.
505 0# - FORMATTED CONTENTS NOTE
Formatted contents note Paradoxes in American art / Michael Leja -- Colonization and rebellion (1700-1830). Peaceable kingdoms : colonization and rebellion / Margaretta M. Lovell ; The Chinese presence in early American visual culture / Patricia Johnston and Jessica Lanier -- Expansion and fragmentation (1830-80). Art in an age of national expansion : genre and landscape painting / David M. Lubin ; The American cowboy's destiny / Elizabeth Kennedy -- Cosmopolitanism and nationalism (1880-1915). Nationalism and internationalism / Mancy Mowll Mathews -- Modernism and regionalism (1915-45). The politics of American modernism / Justin Wolff ; A brief history of painting in Chinese America to 1945 / Anthony W. Lee -- Prosperity and disillusionment (1945-80). The innovative moment : postwar American art / Robert Rosenblum -- Multiculturalism and globalization (1980-present). Nationalism and globalism : issues in American art, 1980s to the present / Susan Cross -- Timeline / Helen Hsu.
650 #0 - SUBJECT ADDED ENTRY--TOPICAL TERM
Topical term or geographic name entry element Art, American
Chronological subdivision 20th century.
9 (RLIN) 12594
650 #0 - SUBJECT ADDED ENTRY--TOPICAL TERM
Topical term or geographic name entry element Art, American
Chronological subdivision 19th century.
9 (RLIN) 15750
650 #0 - SUBJECT ADDED ENTRY--TOPICAL TERM
Topical term or geographic name entry element Art, American
Chronological subdivision 18th century.
9 (RLIN) 15751
700 1# - ADDED ENTRY--PERSONAL NAME
Personal name Davidson, Susan,
Dates associated with a name 1958-
9 (RLIN) 15752
710 2# - ADDED ENTRY--CORPORATE NAME
Corporate name or jurisdiction name as entry element Solomon R. Guggenheim Museum.
9 (RLIN) 15753
710 2# - ADDED ENTRY--CORPORATE NAME
Corporate name or jurisdiction name as entry element Terra Foundation for American Art.
9 (RLIN) 15754
906 ## - LOCAL DATA ELEMENT F, LDF (RLIN)
a 7
b cbc
c copycat
d 2
e ncip
f 20
g y-gencatlg
942 ## - ADDED ENTRY ELEMENTS (KOHA)
Source of classification or shelving scheme Library of Congress Classification
Koha item type Books
Classification part N 6505
Item part .2007 A78
Call number prefix (DAFA-FA)
Holdings
Withdrawn status Lost status Source of classification or shelving scheme Damaged status Not for loan Collection code Home library Current library Shelving location Date acquired Source of acquisition Total Checkouts Full call number Barcode Date last seen Price effective from Koha item type Accession Number
    Library of Congress Classification     Non-fiction Foundation University Library Foundation University Library DoArchitecture & Fine Arts 04/28/2026 Donations   (DAFA-FA) N 6505 .2007 A78 0192026003312 04/28/2026 04/28/2026 Books DAFA-2026312